Towards Understanding Islam (Record no. 227906)
[ view plain ]
| 000 -LEADER | |
|---|---|
| fixed length control field | 00639nam a22002177a 4500 |
| 005 - DATE AND TIME OF LATEST TRANSACTION | |
| control field | 20230717092358.0 |
| 008 - FIXED-LENGTH DATA ELEMENTS--GENERAL INFORMATION | |
| fixed length control field | 230715b ||||| |||| 00| 0 eng d |
| 040 ## - CATALOGING SOURCE | |
| Transcribing agency | AL |
| 041 ## - LANGUAGE CODE | |
| Language code of text/sound track or separate title | English |
| 082 ## - DEWEY DECIMAL CLASSIFICATION NUMBER | |
| Edition number | 23 |
| Classification number | 297 |
| Item number | MAUT |
| 100 ## - MAIN ENTRY--PERSONAL NAME | |
| Personal name | Sayyid Abul Ala Maududi |
| 100 ## - MAIN ENTRY--PERSONAL NAME | |
| 9 (RLIN) | 127237 |
| 245 ## - TITLE STATEMENT | |
| Title | Towards Understanding Islam |
| 260 ## - PUBLICATION, DISTRIBUTION, ETC. | |
| Place of publication, distribution, etc. | New Delhi |
| Name of publisher, distributor, etc. | Markazi Maktaba Islami Publishers |
| Date of publication, distribution, etc. | 2008 |
| 300 ## - PHYSICAL DESCRIPTION | |
| Extent | 144 p. |
| Other physical details | PB |
| Dimensions | 21.5x14 cm. |
| 650 ## - SUBJECT ADDED ENTRY--TOPICAL TERM | |
| Topical term or geographic name entry element | Islam |
| 9 (RLIN) | 127203 |
| 650 ## - SUBJECT ADDED ENTRY--TOPICAL TERM | |
| Topical term or geographic name entry element | Religion |
| 9 (RLIN) | 127238 |
| 650 ## - SUBJECT ADDED ENTRY--TOPICAL TERM | |
| Topical term or geographic name entry element | Islam--Doctrines |
| 9 (RLIN) | 127204 |
| 650 ## - SUBJECT ADDED ENTRY--TOPICAL TERM | |
| Topical term or geographic name entry element | Islam--Study and teaching |
| 9 (RLIN) | 127205 |
| 700 ## - ADDED ENTRY--PERSONAL NAME | |
| Personal name | MAUDUDI (Sayyid Abul Ala) |
| 9 (RLIN) | 127206 |
| 942 ## - ADDED ENTRY ELEMENTS (KOHA) | |
| Source of classification or shelving scheme | Dewey Decimal Classification |
| Koha item type | Donated Books |
| Withdrawn status | Lost status | Source of classification or shelving scheme | Damaged status | Not for loan | Collection code | Home library | Current library | Date acquired | Total Checkouts | Full call number | Barcode | Date last seen | Cost, replacement price | Price effective from | Koha item type | Public note |
|---|---|---|---|---|---|---|---|---|---|---|---|---|---|---|---|---|
| Dewey Decimal Classification | Others | St Aloysius Library | St Aloysius Library | 06/27/2023 | 297 MAUT | D06010 | 07/15/2023 | 40.00 | 07/15/2023 | Donated Books | Donated by V.T. Rajshekar |